000 00694nam a2200241Ia 4500
003 OSt
005 20220923230649.0
006 a|||||r|||| 00| 0
007 ta
008 220922b |||||||| |||| 00| 0 hin d
024 _a302,121
037 _cTextual
040 _aARTS
_cARTS
_bhin
041 _2hin
_ahin
082 _aO152vM6, J4
100 _aवार्ष्णेय
245 0 _aआधुनिक हिन्दी साहित्य
246 _aĀdhunik hindī sāhitya
260 _c1954
650 _aहिन्दी साहित्य
_9156264
942 _hO152vM6, J4
_cTEXL
_2CC
999 _c386367
_d386367